| 000 | 00532nam a2200133Ia 4500 | ||
|---|---|---|---|
| 008 | 100328s9999 xx 000 0 und d | ||
| 082 | _b68789 | ||
| 100 | _aनगर्सेकर सुरेश. | ||
| 245 | _aमाती लावा अंगाला आणि बरे व्हा. | ||
| 260 | _bमनोरमा. | ||
| 630 | _aमाती लावा अंगाला आणि बरे व्हा. | ||
| 730 | _aमाती लावा अंगाला आणि बरे व्हा. | ||
| 942 | _cBOOK | ||
| 999 |
_c554524 _d554521 |
||